000259999 001__ 259999
000259999 005__ 20240928175352.0
000259999 0247_ $$aG:(GEPRIS)418455551$$d418455551
000259999 035__ $$aG:(GEPRIS)418455551
000259999 040__ $$aGEPRIS$$chttp://gepris.its.kfa-juelich.de
000259999 150__ $$aDas exklusive Scholiencorpus zu Aristoteles im Codex Parisinus graecus 1853 (E): erste kritische Gesamtausgabe$$y2019 -
000259999 371__ $$aProfessorin Dr. Gyburg Uhlmann
000259999 450__ $$aDFG project G:(GEPRIS)418455551$$wd$$y2019 -
000259999 5101_ $$0I:(DE-588b)2007744-0$$aDeutsche Forschungsgemeinschaft$$bDFG
000259999 680__ $$aEin dringendes Desiderat der Forschung verbleibt die kritische Edition der kaum erforschten Scholien zu den Schriften des Aristoteles, der sich als der handschriftlich meistvervielfältigte profane Autor sowie als der meist kommentierte und paraphrasierte griechische Autor sowohl im Altertum als auch im byzantinischen Mittelalter erweist. Scholien sind wegen ihrer großen Bedeutung Gegenstand eigener kritischer Editionen. Der Wert dieser Paratexte liegt darin, dass sie oftmals ansonsten verlorene spätantike Kommentartexte enthalten oder neue byzantinische Erklärungen. Außerdem überliefern sie Textvarianten, und sie sind ein weiteres komplementäres Kriterium für die Erstellung von Stemmata für eine Überlieferungstradition. Schließlich lassen sie sich oftmals gut in ihre zeitgenössischen Kontexte einordnen. Ziel des Projekts ist die Edition der Scholien des Codex Parisinus gr. 1853, die die Untersuchung, Bewertung, Edition und philologische Erschließung eines Corpus von Scholien-Texten umfasst. Die Ergebnisse einer solchen Edition stellen sowohl für die Editionswissenschaft als auch für die kulturwissenschaftliche und wissensgeschichtliche Analyse der byzantinischen Überlieferungs- und Lesekontexte eine unverzichtbare Basis für weitere Forschungen zur Geschichte der unterschiedlichen Zugriffe auf Aristoteles dar.
000259999 909CO $$ooai:juser.fz-juelich.de:926602$$pauthority$$pauthority:GRANT
000259999 909CO $$ooai:juser.fz-juelich.de:926602
000259999 980__ $$aG
000259999 980__ $$aAUTHORITY